میرا افسانہ / (Record no. 171957)
[ view plain ]
| 000 -LEADER | |
|---|---|
| fixed length control field | 00560nam a22001937a 4500 |
| 005 - DATE AND TIME OF LATEST TRANSACTION | |
| control field | 20200123160421.0 |
| 010 ## - LCCN (DPL NO) | |
| LC control number | A-794509 |
| 020 ## - INTERNATIONAL STANDARD BOOK NUMBER | |
| Terms of availability | 60.00 |
| 035 ## - SYSTEM CONTROL NUMBER | |
| System control number | A-794509 |
| 037 ## - SOURCE OF ACQUISITION | |
| Source of stock number/acquisition | BPPD/Pub. |
| 082 ## - DEWEY DECIMAL CLASSIFICATION NUMBER | |
| Classification number | 921 |
| 100 ## - MAIN ENTRY--PERSONAL NAME | |
| Personal name | چوہدری افضل حق |
| 245 ## - TITLE STATEMENT | |
| Title | میرا افسانہ / |
| Statement of responsibility, etc | چوہدری افضل حق |
| 246 ## - VARYING FORM OF TITLE | |
| Title proper/short title | Mera Afsana (Urdu) / |
| Remainder of title | by Choudhary Afzal Haq |
| 260 ## - PUBLICATION, DISTRIBUTION, ETC. (IMPRINT) | |
| Place of publication, distribution, etc | Lahore |
| Name of publisher, distributor, etc | Alfaizal |
| Date of publication, distribution, etc | 1993 ء |
| 270 ## - ADDRESS | |
| Address | Ghazni Street, Urdu Bazar |
| City | Lahore |
| 300 ## - PHYSICAL DESCRIPTION | |
| Extent | 204p. |
| Dimensions | 22cm(Hb) |
| 942 ## - ADDED ENTRY ELEMENTS (KOHA) | |
| Source of classification or shelving scheme | Dewey Decimal Classification |
| Item type | Urdu Bks |
| Classification part | 921 |
| Call number suffix | ا ف ض |
| Withdrawn status | Lost status | Not for loan | Collection code | Home library | Current library | Date acquired | Source of acquisition | Cost, normal purchase price | Full call number | Barcode | Copy number | Cost, replacement price | Koha item type |
|---|---|---|---|---|---|---|---|---|---|---|---|---|---|
| Non-fiction | Central Library | Central Library | 23/01/2020 | BPPD/Ven. | 60.00 | 921 ا ف ض | A-794509 | 1 | 60.00 | Urdu Bks |
